000 00997nam a22002897a 4500
001 8454
003 FISKH
005 20250912123356.0
008 250912b cb ||||| |||| 00| 0 eng d
020 _a9781589254305
040 _aFISKH
_beng
_cFISKH
_dFISKH
050 _a PZ7.B6446 N
082 _a823.92
100 _aBonwill, Ann
245 _aNaughty toes /
_cBy Ann Bonwill : Illustrated by Teresa Murfin
260 _aWilton, CT :
_btiger tales ,
_c2011.
300 _a32 unnumbered pages :
_bcolor illustrations ;
_c27 cm .
505 _aN
520 _aWhen sisters Chloe and Belinda start dance class with Madame Mina, Chloe struggles with making her feet do what they are supposed to, while Belinda seems to be a born dancer.
521 8 _a560
_bLexile
521 8 _aN
_bRaz-Plus
650 _aTap dancing
_vJuvenile Literature
650 _aBallet
_vJuvenile Literature
700 _aMurfin, Teresa
_eIllustrator
942 _2ddc
_cBK
_n0
999 _c8454
_d8454